<?xml version="1.0" encoding="UTF-8"?>
<record
    xmlns:xsi="http://www.w3.org/2001/XMLSchema-instance"
    xsi:schemaLocation="http://www.loc.gov/MARC21/slim http://www.loc.gov/standards/marcxml/schema/MARC21slim.xsd"
    xmlns="http://www.loc.gov/MARC21/slim">

  <leader>01010nab a2200289 uc4500</leader>
  <controlfield tag="001">796779</controlfield>
  <controlfield tag="005">20241213090659.0</controlfield>
  <controlfield tag="008">030219s2002                        eng  </controlfield>
  <datafield tag="035" ind1=" " ind2=" ">
    <subfield code="a">796779</subfield>
  </datafield>
  <datafield tag="035" ind1=" " ind2=" ">
    <subfield code="a">(OCoLC)820009070</subfield>
  </datafield>
  <datafield tag="040" ind1=" " ind2=" ">
    <subfield code="c">comduadb</subfield>
  </datafield>
  <datafield tag="041" ind1=" " ind2=" ">
    <subfield code="a">eng</subfield>
  </datafield>
  <datafield tag="100" ind1="1" ind2="0">
    <subfield code="a">Senghas, Richard J.</subfield>
    <subfield code="4">aut</subfield>
    <subfield code="e">aut</subfield>
    <subfield code="9">527044</subfield>
  </datafield>
  <datafield tag="245" ind1="1" ind2="0">
    <subfield code="a">Sings of their times : deaf communities and the culture of language</subfield>
  </datafield>
  <datafield tag="650" ind1=" " ind2=" ">
    <subfield code="a">Sordera - Aspectos sociales</subfield>
    <subfield code="9">10111</subfield>
  </datafield>
  <datafield tag="650" ind1=" " ind2="0">
    <subfield code="a">Lenguaje de se&#xF1;as</subfield>
    <subfield code="9">2928</subfield>
  </datafield>
  <datafield tag="650" ind1=" " ind2=" ">
    <subfield code="a">Lenguaje gestual</subfield>
    <subfield code="9">175950</subfield>
  </datafield>
  <datafield tag="650" ind1=" " ind2="7">
    <subfield code="a">Lenguaje y cultura</subfield>
    <subfield code="2">lemb</subfield>
    <subfield code="9">106396</subfield>
  </datafield>
  <datafield tag="650" ind1=" " ind2=" ">
    <subfield code="a">Identidad de grupo</subfield>
    <subfield code="9">38023</subfield>
  </datafield>
  <datafield tag="650" ind1=" " ind2=" ">
    <subfield code="a">Identidad ling&#xFC;&#xED;stica</subfield>
    <subfield code="9">34617</subfield>
  </datafield>
  <datafield tag="650" ind1=" " ind2="7">
    <subfield code="a">An&#xE1;lisis del discurso</subfield>
    <subfield code="2">lemb</subfield>
    <subfield code="9">43754</subfield>
  </datafield>
  <datafield tag="650" ind1=" " ind2=" ">
    <subfield code="a">Cultura sorda</subfield>
    <subfield code="9">100863</subfield>
  </datafield>
  <datafield tag="650" ind1=" " ind2="7">
    <subfield code="a">Etnoling&#xFC;&#xED;stica</subfield>
    <subfield code="2">embne</subfield>
    <subfield code="9">34342</subfield>
  </datafield>
  <datafield tag="700" ind1="1" ind2="0">
    <subfield code="a">Monaghan, Leila</subfield>
    <subfield code="4">aut</subfield>
    <subfield code="e">aut</subfield>
    <subfield code="9">370096</subfield>
  </datafield>
  <datafield tag="773" ind1="0" ind2=" ">
    <subfield code="t">Annual Review of Anthropology (Palo Alto, California)</subfield>
    <subfield code="g">Vol. 31, Ene.-Dic. 2002, p. 69-97</subfield>
    <subfield code="w">579559</subfield>
    <subfield code="x">0084-6570</subfield>
    <subfield code="0">148723</subfield>
  </datafield>
  <datafield tag="942" ind1=" " ind2=" ">
    <subfield code="c">ARIMP</subfield>
  </datafield>
  <datafield tag="999" ind1=" " ind2=" ">
    <subfield code="c">278238</subfield>
    <subfield code="d">278238</subfield>
  </datafield>
</record>
